Prostorovi strukturno-vantovi stalezalizobetonni konstrukcii: Monografia /

Salvato in:
Dettagli Bibliografici
Autore principale: Gasij, G. M. (Autore)
Natura: Libro
Lingua:russo
Pubblicazione: Dnipro: SHEE, 2018
Edizione:1. vyd.
Tags: Aggiungi Tag
Nessun Tag, puoi essere il primo ad aggiungerne!!

MARC

LEADER 00000nam a22000003a 4500
001 0066825
003 SK-STU
005 20180824103329.2
007 ta
008 180824s ----xo-----e------000-0-----d
020 |a 978-966-182-510-8 
040 |a STU  |b slo 
041 0 |a rus  |h rus 
044 |a un 
100 1 |a Gasij, G. M.  |4 aut  |r Z6 
245 1 0 |a Prostorovi strukturno-vantovi stalezalizobetonni konstrukcii:  |b Monografia /  |c aut. G. M Gasij 
250 |a 1. vyd. 
260 |a Dnipro:  |b SHEE,  |c 2018 
300 |a 347 s. 
996 |b 284V040987  |c V* 52813/O-23970  |l VVT  |s A  |a 24  |w 0066825_0001